Geography Quiz

Random Geography or Asia Quiz

Climb Mount Everest! Quiz Stats

 Plays Quiz Updated May 7, 2019

Support Sporcle.
Go Orange.
Score 0/140 Timer 08:00
10 Plays Today
% Correct
???
100%
???
99.8%
???
99.8%
???
99.8%
???
99.8%
???
99.8%
???
99.8%
???
99.8%
???
99.8%
???
97.3%
???
97.3%
???
97.3%
???
97.3%
???
97.3%
???
97.3%
???
97.3%
???
97.3%
???
97.3%
???
97.3%
???
97.3%
???
97.3%
???
97.3%
???
94.9%
???
94.9%
???
94.9%
???
94.9%
???
94.9%
???
94.9%
???
94.9%
???
94.9%
???
94.9%
???
94.9%
???
94.9%
???
94.9%
???
94.9%
???
94.9%
???
91.1%
???
91.1%
???
91.1%
???
91.1%
???
91.1%
???
91.1%
???
91.1%
???
91.1%
???
91.1%
???
91.1%
???
91.1%
% Correct
???
91.1%
???
91.1%
???
91.1%
???
71.2%
???
71.2%
???
71.2%
???
71.2%
???
71.2%
???
71.2%
???
71.2%
???
71.2%
???
71.2%
???
71.2%
???
71.2%
???
71.2%
???
71.2%
???
71.2%
???
62.7%
???
62.7%
???
62.7%
???
62.7%
???
62.7%
???
62.7%
???
62.7%
???
62.7%
???
62.7%
???
62.7%
???
62.7%
???
62.7%
???
62.7%
???
62.7%
???
56.7%
???
56.7%
???
56.7%
???
56.7%
???
56.7%
???
56.7%
???
56.7%
???
56.7%
???
56.7%
???
56.7%
???
56.7%
???
56.7%
???
56.7%
???
56.7%
???
47.1%
???
47.1%
% Correct
???
47.1%
???
47.1%
???
47.1%
???
47.1%
???
47.1%
???
47.1%
???
47.1%
???
47.1%
???
47.1%
???
47.1%
???
47.1%
???
47.1%
???
37.1%
???
37.1%
???
37.1%
???
37.1%
???
37.1%
???
37.1%
???
37.1%
???
37.1%
???
37.1%
???
37.1%
???
37.1%
???
37.1%
???
37.1%
???
37.1%
???
29.1%
???
29.1%
???
29.1%
???
29.1%
???
29.1%
???
29.1%
???
29.1%
???
29.1%
???
29.1%
???
29.1%
???
29.1%
???
29.1%
???
29.1%
???
29.1%
???
21.4%
???
21.4%
???
21.4%
???
21.4%
???
21.4%
???
21.4%

You're not logged in!

Compare scores with friends on all Sporcle quizzes.
OR
Log In

From the Vault

Movie Character by New Year's Resolution

by Hejman

'Toto, I have a feeling we're not in 2016 anymore.'
Remove Ads.
Support Sporcle.
Get the best of Sporcle when you Go Orange. This ad-free experience offers more features, more stats, and more fun while also helping to support Sporcle. Thank you for becoming a member.

Show Comments

Extras

Top Quizzes Today


Score Distribution

Your Account Isn't Verified!

In order to create a playlist on Sporcle, you need to verify the email address you used during registration. Go to your Sporcle Settings to finish the process.

Report this User

Report this user for behavior that violates our Community Guidelines.

Details: